Prvý projekt zlepšenia IFRS predstavuje návrh novelizácie 25 štandardov
Prehľad novelizácií ďalších štandardov, ktoré boli vydané v októbri 2007 Radou pre Medzinárodné účtovné štandardy (International Accouting Standards Board IASB).
Gespeichert in:
| 1. Verfasser: | |
|---|---|
| Weitere Verfasser: | |
| Format: | Buchkapitel |
| Sprache: | Slowakisch |
| Schlagworte: | |
| Tags: |
Keine Tags, Fügen Sie das erste Tag hinzu!
|
MARC
| LEADER | 00000naa$a2200000$$$4500 | ||
|---|---|---|---|
| 001 | 0071024 | ||
| 005 | 20240502071842.1 | ||
| 041 | 0 | |a slo | |
| 044 | |a SK | ||
| 245 | 1 | 0 | |a Prvý projekt zlepšenia IFRS predstavuje návrh novelizácie 25 štandardov |c Daša Mokošová, Libor Vašek |
| 520 | |a Prehľad novelizácií ďalších štandardov, ktoré boli vydané v októbri 2007 Radou pre Medzinárodné účtovné štandardy (International Accouting Standards Board IASB). | ||
| 610 | 2 | 0 | |a štandardy účtovné medzinárodné |
| 610 | 2 | 0 | |a novelizácia |
| 610 | 2 | 0 | |a Slovensko |
| 610 | 2 | 0 | |a normy účtovné |
| 610 | 2 | 0 | |a pravidlá účtovné |
| 100 | 1 | |a Mokošová, Daša, 1979- | |
| 700 | 1 | |a Vašek, Libor | |